Score 0/28 Timer 03:00
0 Plays Today
Band Missing Word % Correct
Red Hot _____ PeppersChili
97.1%
Nine Inch _____Nails
92.6%
________ PumpkinsSmashing
91.6%
___ FightersFoo
91.4%
___ PistolsSex
91%
Rage Against the _______Machine
87.9%
_____ Sweat and TearsBlood
84%
______ and the BlowfishHootie
83.9%
Crash Test _______Dummies
82.2%
Matchbox ______Twenty
81.1%
Queens of the _____ AgeStone
74.6%
Stone ______ PilotsTemple
71.2%
____ KennedysDead
64.5%
_____ Dog NightThree
61.2%
Band Missing Word % Correct
The ______ UndergroundVelvet
58.4%
______ BarkleyGnarls
57.8%
They Might be ______Giants
51.9%
_____ MelonBlind
51.8%
Fine Young _________Cannibals
45.9%
Toad the Wet ________Sprocket
40.4%
Average _____ BandWhite
33.3%
_____ for PyrosPorno
28.3%
Me First and the ______ GimmesGimme
26.8%
_______ of InventionMothers
25.6%
Sam the ____ and the PharaohsSham
17.6%
__________ Alarm ClockStrawberry
17.5%
Dr. Teeth and the ________ MayhemElectric
12.6%
Question Mark and the __________Mysterians
10.4%

Today's Daily Dose

Remove Ads.
Support Sporcle.
Get the best of Sporcle when you Go Orange. This ad-free experience offers more features, more stats, and more fun while also helping to support Sporcle. Thank you for becoming a member.

You're not logged in!

Compare scores with friends on all Sporcle quizzes.
OR
Log In

Show Comments

Extras

Top Quizzes Today


Score Distribution

Your Account Isn't Verified!

In order to create a playlist on Sporcle, you need to verify the email address you used during registration. Go to your Sporcle Settings to finish the process.

Report this User

Report this user for behavior that violates our Community Guidelines.

Details: